<?xml version="1.0" encoding="UTF-8"?>
<record
    xmlns:xsi="http://www.w3.org/2001/XMLSchema-instance"
    xsi:schemaLocation="http://www.loc.gov/MARC21/slim http://www.loc.gov/standards/marcxml/schema/MARC21slim.xsd"
    xmlns="http://www.loc.gov/MARC21/slim">

  <leader>01881nam0a22003371  4500</leader>
  <controlfield tag="001">v19\rc\1411492</controlfield>
  <controlfield tag="005">20250618104407.0</controlfield>
  <datafield tag="035" ind1=" " ind2=" ">
    <subfield code="a">(NLR Aleph) 004539972</subfield>
  </datafield>
  <datafield tag="090" ind1=" " ind2=" ">
    <subfield code="a">1992015</subfield>
    <subfield code="c">1992015</subfield>
  </datafield>
  <datafield tag="100" ind1=" " ind2=" ">
    <subfield code="a">20060512e18791879|||y0rusy50      ca</subfield>
  </datafield>
  <datafield tag="101" ind1="0" ind2=" ">
    <subfield code="a">rus</subfield>
  </datafield>
  <datafield tag="102" ind1=" " ind2=" ">
    <subfield code="a">RU</subfield>
  </datafield>
  <datafield tag="105" ind1=" " ind2=" ">
    <subfield code="a">y   z   |||||</subfield>
  </datafield>
  <datafield tag="200" ind1="1" ind2=" ">
    <subfield code="a">&#x41E; &#x441;&#x43B;&#x430;&#x432;&#x44F;&#x43D;&#x441;&#x43A;&#x438;&#x445; &#x440;&#x435;&#x434;&#x430;&#x43A;&#x446;&#x438;&#x44F;&#x445; &#x43E;&#x434;&#x43D;&#x43E;&#x433;&#x43E; &#x430;&#x43F;&#x43E;&#x43B;&#x43E;&#x433;&#x430; &#x412;&#x430;&#x440;&#x43B;&#x430;&#x430;&#x43C;&#x430; &#x438; &#x418;&#x43E;&#x430;&#x441;&#x430;&#x444;&#x430;</subfield>
    <subfield code="f">[&#x421;&#x43E;&#x447;.] &#x410;&#x43A;&#x430;&#x434;. &#x410;.&#x41D;. &#x412;&#x435;&#x441;&#x435;&#x43B;&#x43E;&#x432;&#x441;&#x43A;&#x43E;&#x433;&#x43E;</subfield>
  </datafield>
  <datafield tag="210" ind1=" " ind2=" ">
    <subfield code="a">[&#x421;&#x430;&#x43D;&#x43A;&#x442;-&#x41F;&#x435;&#x442;&#x435;&#x440;&#x431;&#x443;&#x440;&#x433;]</subfield>
    <subfield code="c">&#x442;&#x438;&#x43F;. &#x418;&#x43C;&#x43F;. &#x410;&#x43A;&#x430;&#x434;. &#x43D;&#x430;&#x443;&#x43A;</subfield>
    <subfield code="d">1879</subfield>
  </datafield>
  <datafield tag="215" ind1=" " ind2=" ">
    <subfield code="a">8 &#x441;.</subfield>
    <subfield code="d">23</subfield>
  </datafield>
  <datafield tag="300" ind1=" " ind2=" ">
    <subfield code="a">&#x41D;&#x430; 8 &#x441;.: &#x41D;&#x430;&#x43F;&#x435;&#x447;. &#x43F;&#x43E; &#x440;&#x430;&#x441;&#x43F;&#x43E;&#x440;&#x44F;&#x436;&#x435;&#x43D;&#x438;&#x44E; &#x418;&#x43C;&#x43F;. &#x410;&#x43A;&#x430;&#x434;. &#x43D;&#x430;&#x443;&#x43A;. &#x421;&#x43F;&#x431;., &#x444;&#x435;&#x432;&#x440;. 1879 &#x433;.</subfield>
  </datafield>
  <datafield tag="309" ind1=" " ind2=" ">
    <subfield code="a">&#x411;&#x435;&#x437; &#x442;&#x438;&#x442;. &#x43B;. &#x438; &#x43E;&#x431;&#x43B;.</subfield>
  </datafield>
  <datafield tag="311" ind1=" " ind2=" ">
    <subfield code="a">&#x41E;&#x442;&#x442;. &#x438;&#x437; 1) "&#x421;&#x431;. &#x41E;&#x442;&#x434;-&#x43D;&#x438;&#x44F; &#x440;&#x443;&#x441;. &#x44F;&#x437;. &#x438; &#x441;&#x43B;&#x43E;&#x432;&#x435;&#x441;&#x43D;&#x43E;&#x441;&#x442;&#x438; &#x418;&#x43C;&#x43F;. &#x410;&#x43A;&#x430;&#x434;. &#x43D;&#x430;&#x443;&#x43A;". &#x422;. 20. &#x2116; 3. 1879, &#x444;&#x435;&#x432;&#x440;., 2) "&#x417;&#x430;&#x43F;. &#x418;&#x43C;&#x43F;. &#x410;&#x43A;&#x430;&#x434;. &#x43D;&#x430;&#x443;&#x43A;". &#x422;. 34, &#x43A;&#x43D;. 2. 1879, &#x441;&#x435;&#x43D;&#x442;."</subfield>
  </datafield>
  <datafield tag="488" ind1=" " ind2="0">
    <subfield code="1">2001#$a&#x421;&#x431;&#x43E;&#x440;&#x43D;&#x438;&#x43A; &#x41E;&#x442;&#x434;&#x435;&#x43B;&#x435;&#x43D;&#x438;&#x44F; &#x440;&#x443;&#x441;&#x441;&#x43A;&#x43E;&#x433;&#x43E; &#x44F;&#x437;&#x44B;&#x43A;&#x430; &#x438; &#x441;&#x43B;&#x43E;&#x432;&#x435;&#x441;&#x43D;&#x43E;&#x441;&#x442;&#x438; &#x418;&#x43C;&#x43F;&#x435;&#x440;&#x430;&#x442;&#x43E;&#x440;&#x441;&#x43A;&#x43E;&#x439; &#x410;&#x43A;&#x430;&#x434;&#x435;&#x43C;&#x438;&#x438; &#x43D;&#x430;&#x443;&#x43A;$v1879, &#x442;. 20, &#x2116; 3, &#x444;&#x435;&#x432;&#x440;.</subfield>
    <subfield code="t">&#x421;&#x431;&#x43E;&#x440;&#x43D;&#x438;&#x43A; &#x41E;&#x442;&#x434;&#x435;&#x43B;&#x435;&#x43D;&#x438;&#x44F; &#x440;&#x443;&#x441;&#x441;&#x43A;&#x43E;&#x433;&#x43E; &#x44F;&#x437;&#x44B;&#x43A;&#x430; &#x438; &#x441;&#x43B;&#x43E;&#x432;&#x435;&#x441;&#x43D;&#x43E;&#x441;&#x442;&#x438; &#x418;&#x43C;&#x43F;&#x435;&#x440;&#x430;&#x442;&#x43E;&#x440;&#x441;&#x43A;&#x43E;&#x439; &#x410;&#x43A;&#x430;&#x434;&#x435;&#x43C;&#x438;&#x438; &#x43D;&#x430;&#x443;&#x43A;</subfield>
  </datafield>
  <datafield tag="488" ind1=" " ind2="0">
    <subfield code="1">2001#$a&#x417;&#x430;&#x43F;&#x438;&#x441;&#x43A;&#x438; &#x418;&#x43C;&#x43F;&#x435;&#x440;&#x430;&#x442;&#x43E;&#x440;&#x441;&#x43A;&#x43E;&#x439; &#x410;&#x43A;&#x430;&#x434;&#x435;&#x43C;&#x438;&#x438; &#x43D;&#x430;&#x443;&#x43A;$v1879, &#x442;. 34, &#x43A;&#x43D;. 2, &#x441;&#x435;&#x43D;&#x442;.</subfield>
    <subfield code="t">&#x417;&#x430;&#x43F;&#x438;&#x441;&#x43A;&#x438; &#x418;&#x43C;&#x43F;&#x435;&#x440;&#x430;&#x442;&#x43E;&#x440;&#x441;&#x43A;&#x43E;&#x439; &#x410;&#x43A;&#x430;&#x434;&#x435;&#x43C;&#x438;&#x438; &#x43D;&#x430;&#x443;&#x43A;</subfield>
  </datafield>
  <datafield tag="700" ind1=" " ind2="1">
    <subfield code="a">&#x412;&#x435;&#x441;&#x435;&#x43B;&#x43E;&#x432;&#x441;&#x43A;&#x438;&#x439;</subfield>
    <subfield code="b">&#x410;.&#x41D;.</subfield>
    <subfield code="f">1838-1906</subfield>
    <subfield code="g">&#x410;&#x43B;&#x435;&#x43A;&#x441;&#x430;&#x43D;&#x434;&#x440; &#x41D;&#x438;&#x43A;&#x43E;&#x43B;&#x430;&#x435;&#x432;&#x438;&#x447;</subfield>
  </datafield>
  <datafield tag="801" ind1=" " ind2="0">
    <subfield code="a">RU</subfield>
    <subfield code="b">NLR</subfield>
    <subfield code="g">psbo</subfield>
  </datafield>
  <datafield tag="801" ind1=" " ind2="0">
    <subfield code="a">RU</subfield>
    <subfield code="b">RuMoRGB</subfield>
    <subfield code="2">psbo</subfield>
  </datafield>
  <datafield tag="801" ind1=" " ind2="1">
    <subfield code="a">RU</subfield>
    <subfield code="b">ProSoft-M</subfield>
    <subfield code="2">rusmarc</subfield>
  </datafield>
  <datafield tag="852" ind1=" " ind2=" ">
    <subfield code="a">NLR</subfield>
    <subfield code="j">18.100.2.506</subfield>
  </datafield>
  <datafield tag="899" ind1=" " ind2=" ">
    <subfield code="a">RuMoRGB</subfield>
    <subfield code="j">A 134/179</subfield>
  </datafield>
  <datafield tag="899" ind1=" " ind2=" ">
    <subfield code="a">RuMoRGB</subfield>
    <subfield code="j">R 3/280</subfield>
  </datafield>
  <datafield tag="899" ind1=" " ind2=" ">
    <subfield code="a">RuMoRGB</subfield>
    <subfield code="j">U 272/745</subfield>
  </datafield>
  <datafield tag="942" ind1=" " ind2=" ">
    <subfield code="c">BOOK</subfield>
  </datafield>
  <datafield tag="980" ind1=" " ind2=" ">
    <subfield code="a">NB</subfield>
  </datafield>
  <datafield tag="995" ind1=" " ind2=" ">
    <subfield code="5">2013-10-26</subfield>
    <subfield code="b">NLR02</subfield>
    <subfield code="c">NLR02</subfield>
    <subfield code="e">RFS</subfield>
    <subfield code="f">4539972-10</subfield>
    <subfield code="k">18.100.2.506</subfield>
    <subfield code="o">0</subfield>
    <subfield code="r">BOOK</subfield>
    <subfield code="s">181002506_</subfield>
  </datafield>
</record>
